Kavithayude bhavi / (Record no. 12883)
[ view plain ]
| 000 -LEADER | |
|---|---|
| fixed length control field | 00445cam a2200181ua 4500 |
| 041 ## - LANGUAGE CODE | |
| Language code of text/sound track or separate title | mal |
| 082 ## - DEWEY DECIMAL CLASSIFICATION NUMBER | |
| Classification number | 894.81209 |
| Item number | GEO/KA |
| 100 ## - MAIN ENTRY--AUTHOR NAME | |
| Personal name | George, Irumbayam . |
| 245 ## - TITLE STATEMENT | |
| Title | Kavithayude bhavi / |
| 250 ## - EDITION STATEMENT | |
| Edition statement | 1 / |
| 260 ## - PUBLICATION, DISTRIBUTION, ETC. (IMPRINT) | |
| Place of publication | Thalayolaparamba : |
| Name of publisher | Goerge Irumbayam , |
| Year of publication | 1968. |
| 300 ## - PHYSICAL DESCRIPTION | |
| Number of Pages | 122 ; . |
| 942 ## - ADDED ENTRY ELEMENTS (KOHA) | |
| Koha item type | Books |
| Withdrawn status | Lost status | Damaged status | Home library | Current library | Date acquired | Full call number | Accession Number | Koha item type |
|---|---|---|---|---|---|---|---|---|
| Withdrawn | KAUAET | KAUAET | 07/04/2012 | 894.81209 | 12715 | Books | ||
| Withdrawn | KAUAET | KAUAET | 16/11/2023 | 894.81209 GEO/KA | 11097 | Books |
